A flag, a city: Most populous city by country - Statistics

General Stats
  • This quiz has been taken 22 times
    6 since last reset
  • The average score is 58 of 118
Answer Stats
Flag Population aproximated City % Correct
8,1 million New York
100%
7,5 million London
83%
4,6 million Sydney
83%
740.000 Amsterdam
67%
3,4 million Berlin
67%
8 million Buenos Aires
67%
7,7 million Cairo
67%
3,4 million Cape Town
67%
5,9 million Caracas
67%
1,1 million Copenhagen
67%
10,3 million Dhaka
67%
1,2 million Dubai
67%
1 million Dublin
67%
550.000 Helsinki
67%
14,8 million Istanbul
67%
8,5 million Jakarta
67%
10 million Lima
67%
3,2 million Madrid
67%
9,7 million Mexico City
67%
1,2 million Montevideo
67%
10,3 million Moscow
67%
12,6 million Mumbai
67%
600.000 Oslo
67%
2,2 million Paris
67%
120.000 Reykjavík
67%
4,2 million Riyadh
67%
2,8 million Rome
67%
1,9 million Sanaa
67%
12 million São Paulo
67%
9,8 million Seoul
67%
22,3 million Shanghai
67%
3,5 million Singapore
67%
1,5 million Stockholm
67%
8,9 million Tokyo
67%
2,6 million Toronto
67%
825 Vatican City
67%
1,7 million Warsaw
67%
1,6 million Aleppo
50%
2 million Algiers
50%
2 million Almaty
50%
1,2 million Amman
50%
1,3 million Antananarivo
50%
730.000 Ashgabat
50%
2,9 million Athens
50%
1,6 million Auckland
50%
7,2 million Baghdad
50%
2,2 million Baku
50%
1,9 million Beirut
50%
950.000 Brussels
50%
2,6 million Dar-es-Salaam
50%
680.000 Dushanbe
50%
230.000 Georgetown
50%
3,4 million Ho Chi Minh City
50%
770.000 Jerusalem
50%
450.000 Juba
50%
15,5 million Karachi
50%
1,4 million Kathmandu
50%
940.000 Kingston
50%
7,7 million Kinshasa
50%
15.000 Monte Carlo
50%
800.000 Muscat
50%
2,7 million Nairobi
50%
770.000 Niamey
50%
200.000 Nicosia
50%
22.000 Nuku'alofa
50%
1 million Ouagadougou
50%
280.000 Port Moresby
50%
210.000 Pristina
50%
24.000 Saint John's
50%
2,2 million Santo Domingo
50%
700.000 Sarajevo
50%
1,1 million Sofia
50%
2 million Tashkent
50%
1 million Tbilisi
50%
7,1 million Tehran
50%
100.000 Thimphu
50%
370.000 Tirana
50%
1 million Tripoli
50%
630.000 Tunis
50%
1,6 million Vienna
50%
4,4 million Yangon
50%
1.000 Yaren
50%
340.000 Zurich
50%
3,6 million Abidjan
33%
560.000 Asmara
33%
64.000 Bandar Seri Begawan
33%
15.000 Basseterre
33%
1,2 million Brazzaville
33%
98.000 Bridgetown
33%
65.000 Dili
33%
620.000 Djibouti
33%
1,3 million Douala
33%
1,5 million Harare
33%
2 million Khartoum
33%
740.000 Kigali
33%
570.000 Libreville
33%
640.000 Lilongwe
33%
24.000 Majuro
33%
100.000 Male
33%
1,1 million Maputo
33%
42.000 Moroni
33%
230.000 Nassau
33%
960.000 Nouakchott
33%
35.000 Port-Vila
33%
2,7 million Quezon City
33%
53.000 Sao Tome
33%
470.000 Skopje
33%
40.000 South Tarawa
33%
22.000 Victoria
33%
270.000 Windhoek
33%
170.000 Bata
17%
23.000 Birkirkara
17%
67.000 Chaguanas
17%
11.000 Koror
17%
10.000 Serravalle
17%
640.000 Al Ahmadi
0%
1,5 million Kota Bharu
0%
110.000 Manzini
0%
No matching quizzes found
Score Distribution
Percent of People with Each Score
Percentile by Number Answered
Your Score History
You have not taken this quiz since the last reset